[Event "4NCL Division 1d"]
[Site "Telford, ENG"]
[Date "2019.03.17"]
[Round "8.85"]
[White "Ranaldi, Lucas"]
[Black "Blackburn, Jonathan L B"]
[Result "0-1"]
[WhiteElo "2279"]
[BlackElo "2199"]
[PlyCount "90"]
[EventDate "2019.03.17"]
[WhiteTeam "3Cs 1"]
[BlackTeam "West is Best 1"]

1. Nf3 Nf6 2. c4 g6 3. g3 Bg7 4. Bg2 d6 5. O-O O-O 6. d4 a6 7. Nc3 Nc6 8. d5
Na5 9. b3 Bd7 10. Bb2 b5 11. cxb5 axb5 12. Nd4 b4 13. Nb1 Qb8 14. Qc2 Ra7 15.
Nd2 e6 16. Nc6 Bxc6 17. dxc6 Qb5 18. a3 bxa3 19. Rxa3 Nd5 20. Bxg7 Kxg7 21.
Bxd5 Qxd5 22. e4 Qxc6 23. Qa2 Qb5 24. b4 Qxb4 25. Rb1 Qc5 26. Nb3 Nxb3 27. Rxa7
Nd4 28. Qa1 e5 29. Kg2 Qc6 30. Rbb7 Qxe4+ 31. Kg1 Nf3+ 32. Kg2 Ng5+ 33. Kf1
Qd3+ 34. Kg1 Qf3 35. Qa2 Nh3+ 36. Kf1 Qh1+ 37. Ke2 Qxh2 38. Ke3 Qg2 39. Rxc7
Ng5 40. Qe2 Rb8 41. Rxf7+ Nxf7 42. Rxf7+ Kxf7 43. Qc4+ Kf8 44. Qe6 Qb7 45. Qf6+
Kg8 0-1

[Event "4NCL Division 1d"]
[Site "Telford, ENG"]
[Date "2019.03.17"]
[Round "8.86"]
[White "Mihalik, Agoston"]
[Black "Reeve, Andy K"]
[Result "1-0"]
[WhiteElo "2203"]
[BlackElo "2086"]
[PlyCount "71"]
[EventDate "2019.03.17"]
[WhiteTeam "West is Best 1"]
[BlackTeam "3Cs 1"]

1. e4 d6 2. d4 Nf6 3. Nc3 c6 4. f4 Qa5 5. Bd3 e5 6. Nf3 exd4 7. Nxd4 g6 8. Be3
Bg7 9. h3 O-O 10. Qf3 Nbd7 11. O-O Nc5 12. Nb3 Nxb3 13. axb3 Qc7 14. Qf2 a6 15.
Bb6 Qe7 16. b4 Nd7 17. Bd4 Bxd4 18. Qxd4 b5 19. Be2 c5 20. Nd5 cxd4 21. Nxe7+
Kg7 22. Bxb5 Nf6 23. Nxc8 Rfxc8 24. Bd3 d5 25. e5 Ne4 26. Ra5 Nd2 27. Rfa1 Nc4
28. Rxd5 Ne3 29. Rc5 Rxc5 30. bxc5 Rc8 31. Ra5 Rc7 32. Kh2 h5 33. Kg3 h4+ 34.
Kxh4 Nxg2+ 35. Kg3 Ne3 36. Kf3 1-0

[Event "4NCL Division 1d"]
[Site "Telford, ENG"]
[Date "2019.03.17"]
[Round "8.87"]
[White "Longson, Sarah N"]
[Black "Jones, Steven A"]
[Result "1/2-1/2"]
[WhiteElo "2111"]
[BlackElo "2147"]
[PlyCount "87"]
[EventDate "2019.03.17"]
[WhiteTeam "3Cs 1"]
[BlackTeam "West is Best 1"]

1. e4 c5 2. Nf3 Nc6 3. d4 cxd4 4. Nxd4 Nf6 5. Nc3 e5 6. Ndb5 d6 7. Bg5 a6 8.
Na3 b5 9. Bxf6 gxf6 10. Nd5 f5 11. Bd3 Be6 12. c3 Bg7 13. Nxb5 axb5 14. Bxb5
Bd7 15. exf5 O-O 16. O-O Re8 17. Qg4 f6 18. Qe4 Rb8 19. a4 Kh8 20. Rfd1 Ne7 21.
Bxd7 Qxd7 22. Nxe7 Rxe7 23. b4 Bf8 24. a5 Qb7 25. Rd5 Rc7 26. a6 Ra8 27. b5
Rxc3 28. h3 Qc8 29. Rdd1 Rc5 30. b6 d5 31. Qa4 Qd8 32. b7 Ra7 33. Rdb1 Bd6 34.
Rc1 Kg7 35. Rxc5 Bxc5 36. Qc6 Bd6 37. Rb1 Bb8 38. Rb3 e4 39. Qc8 Rxa6 40. g3
Qd6 41. Qe8 Qc7 42. Rc3 Qxc3 43. Qe7+ Kg8 44. Qe8+ 1/2-1/2

[Event "4NCL Division 1d"]
[Site "Telford, ENG"]
[Date "2019.03.17"]
[Round "8.88"]
[White "Redmond, John P"]
[Black "Walton, Alan J"]
[Result "1-0"]
[WhiteElo "2189"]
[BlackElo "2132"]
[PlyCount "77"]
[EventDate "2019.03.17"]
[WhiteTeam "West is Best 1"]
[BlackTeam "3Cs 1"]

1. Nf3 f5 2. d3 Nf6 3. e4 fxe4 4. dxe4 Nxe4 5. Bd3 Nf6 6. Ng5 c6 7. c3 Qc7 8.
Qc2 d5 9. Bxh7 Rxh7 10. Nxh7 Qe5+ 11. Be3 Bf5 12. Nxf6+ gxf6 13. Qe2 Nd7 14.
Qh5+ Kd8 15. Nd2 Qe6 16. Nb3 Bg4 17. Qh8 Qe4 18. O-O Qg6 19. f3 Be6 20. Nc5 Bg8
21. Qh4 Nxc5 22. Bxc5 b6 23. Be3 Kc7 24. a4 e5 25. a5 b5 26. Qf2 a6 27. Bc5
Bxc5 28. Qxc5 Be6 29. Rf2 Rg8 30. Rd1 Qf7 31. Qb6+ Kd6 32. b3 f5 33. f4 e4 34.
c4 Qh5 35. Rfd2 Qf3 36. Rxd5+ Ke7 37. Qc7+ Kf6 38. Qe5+ Kf7 39. Rd7+ 1-0

[Event "4NCL Division 1d"]
[Site "Telford, ENG"]
[Date "2019.05.04"]
[Round "9.51"]
[White "Greet, Andrew N"]
[Black "Pein, Malcolm"]
[Result "1-0"]
[WhiteElo "2420"]
[BlackElo "2313"]
[PlyCount "79"]
[EventDate "2019.05.04"]
[WhiteTeam "Alba"]
[BlackTeam "Wood Green Monarchs"]

1. d4 Nf6 2. c4 g6 3. g3 Bg7 4. Bg2 O-O 5. Nc3 c6 6. e4 d6 7. Nf3 Qb6 8. O-O
Bg4 9. b3 c5 10. e5 dxe5 11. dxe5 Nfd7 12. Nd5 Qd8 13. Bg5 Nc6 14. h3 Bxf3 15.
Qxf3 h6 16. Be3 Ndxe5 17. Qe4 e6 18. Nc3 f5 19. Qc2 Qd3 20. Rac1 Qxc2 21. Rxc2
Nd4 22. Bxd4 cxd4 23. Nb5 Rad8 24. Re1 Rfe8 25. c5 d3 26. Rd2 Nc6 27. Red1 Bf8
28. Bxc6 bxc6 29. Nxa7 Bxc5 30. Nxc6 Rd6 31. Ne5 Rd5 32. Nxg6 e5 33. Rxd3 Rxd3
34. Rxd3 e4 35. Rd5 Bb6 36. Re5 Ra8 37. Ne7+ Kf7 38. Nxf5 Rxa2 39. Nxh6+ Kg7
40. Ng4 1-0

[Event "4NCL Division 1d"]
[Site "Telford, ENG"]
[Date "2019.05.04"]
[Round "9.52"]
[White "Willow, Jonah B"]
[Black "McKay, Roderick M"]
[Result "1-0"]
[WhiteElo "2302"]
[BlackElo "2282"]
[PlyCount "81"]
[EventDate "2019.05.04"]
[WhiteTeam "Wood Green Monarchs"]
[BlackTeam "Alba"]

1. e4 c5 2. Nf3 e6 3. d4 cxd4 4. Nxd4 Nf6 5. Nc3 Nc6 6. Ndb5 d6 7. Bf4 e5 8.
Bg5 a6 9. Na3 b5 10. Nd5 Be7 11. Bxf6 Bxf6 12. c4 b4 13. Nc2 Rb8 14. b3 O-O 15.
g3 g6 16. Bg2 Bg7 17. O-O a5 18. Qd3 Kh8 19. Nde3 Qb6 20. Rad1 Rd8 21. Kh1 a4
22. f4 axb3 23. axb3 exf4 24. gxf4 Ra8 25. Nd5 Qc5 26. f5 Ra2 27. f6 Bh6 28.
Ne7 Ne5 29. Qd4 Re8 30. Qxc5 dxc5 31. Rd5 Rxc2 32. Rxe5 Be6 33. Rxc5 Bf8 34.
Rc7 h5 35. e5 Rd8 36. Be4 Rc3 37. Bd5 Bh3 38. Re1 Rxd5 39. Nxd5 Rc2 40. Nf4 Bg4
41. e6 1-0

[Event "4NCL Division 1d"]
[Site "Telford, ENG"]
[Date "2019.05.04"]
[Round "9.53"]
[White "Gourlay, Iain"]
[Black "Sygnowski, Tomasz"]
[Result "1-0"]
[WhiteElo "2349"]
[BlackElo "2237"]
[PlyCount "153"]
[EventDate "2019.05.04"]
[WhiteTeam "Alba"]
[BlackTeam "Wood Green Monarchs"]

1. c4 Nf6 2. g3 g6 3. Bg2 Bg7 4. Nc3 O-O 5. d3 Nc6 6. Rb1 b6 7. Nf3 Bb7 8. O-O
Re8 9. d4 d5 10. Ne5 Nxe5 11. dxe5 Ng4 12. f4 c6 13. cxd5 cxd5 14. Nxd5 Qc8 15.
e3 f6 16. Bd2 Qd7 17. e6 Qd6 18. Bb4 Qxe6 19. Qb3 Kh8 20. Rfe1 Rac8 21. Nxe7
Qxb3 22. axb3 Rc7 23. Bxb7 Rxb7 24. Nd5 f5 25. h3 Nf6 26. Nxf6 Bxf6 27. Bc3 Kg7
28. Rbd1 Rc7 29. Rd3 Rec8 30. Bxf6+ Kxf6 31. Kf2 Rc2+ 32. Re2 Rxe2+ 33. Kxe2
Rc1 34. Rc3 Rb1 35. Rc6+ Ke7 36. Rc7+ Ke6 37. Rxa7 Rxb2+ 38. Kf3 h5 39. Ra3 Kd5
40. Ra7 Ke6 41. Ra3 b5 42. g4 Kf7 43. Ra7+ Kg8 44. gxf5 gxf5 45. Re7 Rxb3 46.
Re5 Kg7 47. Rxf5 Kh6 48. Rf6+ Kg7 49. Rb6 Rb4 50. Re6 Kh7 51. f5 Rb1 52. Rb6 b4
53. Ke4 b3 54. Ke5 b2 55. e4 h4 56. Rb7+ Kh6 57. f6 Kg6 58. Rg7+ Kh6 59. Rg2
Kh7 60. Rf2 Kg8 61. Kf5 Kf8 62. Ke5 Kf7 63. Rc2 Kg6 64. Rg2+ Kh6 65. Ke6 Re1
66. Rxb2 Rxe4+ 67. Kf7 Re3 68. Rh2 Rf3 69. Ke7 Kh7 70. f7 Re3+ 71. Kf8 Ra3 72.
Re2 Ra7 73. Re4 Ra8+ 74. Ke7 Ra7+ 75. Kf6 Ra6+ 76. Re6 Ra8 77. Re8 1-0

[Event "4NCL Division 1d"]
[Site "Telford, ENG"]
[Date "2019.05.04"]
[Round "9.54"]
[White "Derakhshani, Borna"]
[Black "Sreeves, Clement"]
[Result "1-0"]
[WhiteElo "2316"]
[BlackElo "2360"]
[PlyCount "165"]
[EventDate "2019.05.04"]
[WhiteTeam "Wood Green Monarchs"]
[BlackTeam "Alba"]

1. Nf3 Nf6 2. g3 g6 3. b3 Bg7 4. Bb2 O-O 5. Bg2 d6 6. O-O e5 7. d3 Nc6 8. c4
Nh5 9. Nc3 f5 10. Qd2 f4 11. Ne4 Bf5 12. b4 Qd7 13. b5 Nd8 14. Nh4 Bh3 15. d4
Bxg2 16. Nxg2 Nf7 17. dxe5 Nxe5 18. Qd5+ Qf7 19. Bxe5 Bxe5 20. Rac1 Rae8 21.
Ng5 Qxd5 22. cxd5 fxg3 23. hxg3 Bd4 24. Ne6 Rxe6 25. dxe6 Nxg3 26. e7 Re8 27.
Rfe1 Bb6 28. Nf4 Ne4 29. e3 Nf6 30. e4 Rxe7 31. Nd5 Nxd5 32. exd5 Rf7 33. Re8+
Kg7 34. Rc2 Rf5 35. Rd2 h5 36. Kg2 Rg5+ 37. Kh3 Rg4 38. Re7+ Kh6 39. f3 Rf4 40.
Kg3 Rb4 41. Re6 Kg5 42. f4+ Kf5 43. Re8 h4+ 44. Kxh4 Rxf4+ 45. Kh3 Re4 46. Rxe4
Kxe4 47. Kg4 Bd4 48. Rc2 Bb6 49. Rd2 Ke3 50. Rd1 Ke2 51. Rh1 Kd3 52. a4 Kc4 53.
Rd1 Kb3 54. Rb1+ Kxa4 55. Kg5 a6 56. bxa6 bxa6 57. Kxg6 a5 58. Kf5 Ka3 59. Ke4
Bc5 60. Kd3 Bb4 61. Kc4 Ka2 62. Rb3 Bc5 63. Kc3 Bd4+ 64. Kc2 Bc5 65. Rb5 Ka3
66. Kc3 Ka4 67. Kc4 Bb6 68. Rb3 Bc5 69. Rb1 Ka3 70. Ra1+ Kb2 71. Rxa5 Bb6 72.
Ra4 Bc5 73. Ra6 Bb6 74. Kb5 Kc3 75. Kc6 Kc4 76. Ra1 Kd4 77. Rd1+ Kc4 78. Rb1
Bc5 79. Rc1+ Kd4 80. Rd1+ Ke5 81. Kxc7 Bb4 82. Kc6 Ba3 83. Re1+ 1-0

[Event "4NCL Division 1d"]
[Site "Telford, ENG"]
[Date "2019.05.04"]
[Round "9.55"]
[White "MacQueen, Calum"]
[Black "Stepanyan, Henrik"]
[Result "0-1"]
[WhiteElo "2237"]
[BlackElo "2290"]
[PlyCount "102"]
[EventDate "2019.05.04"]
[WhiteTeam "Alba"]
[BlackTeam "Wood Green Monarchs"]

1. d4 d5 2. c4 e6 3. Nc3 c5 4. e3 Nf6 5. Nf3 Nc6 6. cxd5 exd5 7. Be2 c4 8. Ne5
Bb4 9. Bd2 Bxc3 10. Bxc3 O-O 11. O-O Ne4 12. Be1 Be6 13. b3 Nxe5 14. dxe5 Rc8
15. f3 Nc5 16. b4 Na6 17. Bc3 Qb6 18. Qd2 Rfd8 19. a3 Nc7 20. Bd4 Qc6 21. a4 b5
22. a5 a6 23. g4 Qd7 24. h3 Ne8 25. f4 f5 26. exf6 Nxf6 27. Bf3 Qe7 28. f5 Bf7
29. Qc3 Re8 30. Rae1 h6 31. Rf2 Rc6 32. Rg2 Ne4 33. Bxe4 Qxe4 34. Bxg7 d4 35.
Qxd4 Bd5 36. Qxe4 Bxe4 37. Bc3 Bxg2 38. Kxg2 Rd6 39. Kf3 Rd3 40. Ba1 c3 41. Re2
Rc8 42. Rc2 Rc4 43. Ke2 Rd2+ 44. Rxd2 cxd2 45. Kxd2 Rxb4 46. Be5 Ra4 47. Bc7
Rc4 48. Be5 b4 49. Bd4 b3 50. h4 Rc2+ 51. Kd1 Rh2 0-1

[Event "4NCL Division 1d"]
[Site "Telford, ENG"]
[Date "2019.05.04"]
[Round "9.56"]
[White "De Verdier, Michael"]
[Black "Morrison, Graham"]
[Result "1-0"]
[WhiteElo "2306"]
[BlackElo "2279"]
[PlyCount "113"]
[EventDate "2019.05.04"]
[WhiteTeam "Wood Green Monarchs"]
[BlackTeam "Alba"]

1. Nf3 Nf6 2. c4 c5 3. b3 e6 4. g3 b6 5. Bg2 Bb7 6. O-O Be7 7. Nc3 d6 8. Bb2
Nbd7 9. e3 O-O 10. Qe2 a6 11. Nh4 Bxg2 12. Nxg2 Re8 13. d3 Bf8 14. f4 d5 15. e4
d4 16. Nb1 g6 17. Nd2 e5 18. Nf3 b5 19. Bc1 bxc4 20. bxc4 exf4 21. Bxf4 Nh5 22.
Qf2 f6 23. Rab1 Ra7 24. Bd2 Ne5 25. Nxe5 fxe5 26. g4 Ng7 27. Qf6 Qd7 28. h3 Qa4
29. Qb6 Rd7 30. Qa5 Qxa5 31. Bxa5 Rf7 32. Rb6 Rxf1+ 33. Kxf1 Re6 34. Rb8 Kf7
35. Ke2 Re8 36. Rxe8 Nxe8 37. Ne1 Bd6 38. Nf3 Ke7 39. Be1 Nf6 40. Bh4 h6 41. g5
hxg5 42. Bxg5 Ke6 43. Bxf6 Kxf6 44. Kf2 Bc7 45. Kg3 Ba5 46. Kg4 Bc7 47. h4 Bd6
48. h5 gxh5+ 49. Kxh5 Bc7 50. Nh2 Bd6 51. Ng4+ Ke6 52. Kg6 Be7 53. Nh6 Bh4 54.
Nf7 Bg3 55. Ng5+ Ke7 56. Kf5 a5 57. a4 1-0

[Event "4NCL Division 1d"]
[Site "Telford, ENG"]
[Date "2019.05.04"]
[Round "9.57"]
[White "Berry, Neil"]
[Black "Srebrnic, Ana"]
[Result "0-1"]
[WhiteElo "2261"]
[BlackElo "2173"]
[PlyCount "154"]
[EventDate "2019.05.04"]
[WhiteTeam "Alba"]
[BlackTeam "Wood Green Monarchs"]

1. d4 Nf6 2. c4 g6 3. g3 Bg7 4. Bg2 d6 5. Nc3 O-O 6. Nf3 c6 7. O-O Qb6 8. b3
Qa5 9. Bb2 Qh5 10. e4 Bh3 11. Re1 Ng4 12. Nh4 Bxg2 13. Kxg2 c5 14. h3 Nf6 15.
e5 dxe5 16. dxe5 Qxd1 17. Raxd1 Ne8 18. Nf3 Nc7 19. Nd5 Nxd5 20. cxd5 Rd8 21.
Bc1 Na6 22. Bg5 f6 23. Be3 Rac8 24. a3 b6 25. exf6 exf6 26. Re2 Rd7 27. Bf4
Rcd8 28. h4 Bf8 29. d6 Kf7 30. g4 Nb8 31. Red2 Nc6 32. g5 Re8 33. gxf6 h6 34.
Kg3 Kxf6 35. Rd3 Kf7 36. R1d2 Re6 37. Kg2 Re4 38. Bg3 Bg7 39. Re3 Rxe3 40. fxe3
Ke6 41. e4 Ne5 42. Rd5 Nf7 43. Bf4 Rd8 44. a4 Nxd6 45. a5 Bf6 46. axb6 axb6 47.
Nd2 Nf7 48. Rxd8 Bxd8 49. Bg3 b5 50. Kf2 Bf6 51. Ke2 Ne5 52. Bf2 Be7 53. Nb1 c4
54. bxc4 Nxc4 55. Kd3 Ne5+ 56. Kc3 Nf3 57. h5 gxh5 58. Kd3 h4 59. Ke3 Ne5 60.
Be1 Bc5+ 61. Ke2 h3 62. Bg3 b4 63. Nd2 Ng4 64. Nf3 Bd6 65. Nd4+ Kd7 66. Kf3 h2
67. Bxh2 Nxh2+ 68. Ke2 Ng4 69. Nf5 Bf8 70. Kd3 Ke6 71. Kd4 h5 72. Nh4 Ne5 73.
Nf5 Ng6 74. Ne3 h4 75. Ng4 h3 76. Nh2 Bd6 77. Nf3 h2 0-1

[Event "4NCL Division 1d"]
[Site "Telford, ENG"]
[Date "2019.05.04"]
[Round "9.58"]
[White "Manelidou, Maria"]
[Black "Roy, Ali"]
[Result "1-0"]
[WhiteElo "2072"]
[BlackElo "1885"]
[PlyCount "103"]
[EventDate "2019.05.04"]
[WhiteTeam "Wood Green Monarchs"]
[BlackTeam "Alba"]

1. e4 e6 2. d4 d5 3. Nd2 c5 4. Ngf3 cxd4 5. Nxd4 Nc6 6. Bb5 Bd7 7. Nxc6 Bxc6 8.
Bxc6+ bxc6 9. O-O Nf6 10. Qe2 Be7 11. e5 Nd7 12. Nf3 O-O 13. Rd1 a5 14. a4 Nc5
15. Nd4 Qd7 16. Ra3 f6 17. Rh3 fxe5 18. Qxe5 Bd6 19. Qh5 g6 20. Qh4 e5 21. Nf3
Ne6 22. Ng5 Nxg5 23. Bxg5 Bc5 24. Be3 Bxe3 25. Rxe3 Qf5 26. Rd2 Rab8 27. b3 Rb4
28. Qh3 Qxh3 29. Rxh3 d4 30. Re2 Re8 31. Re4 Rbb8 32. Kf1 c5 33. Ke2 c4 34. Kd2
c3+ 35. Kd3 Rf8 36. Rf3 Rfe8 37. Rf6 Ra8 38. Rb6 Kf7 39. Rb7+ Ke6 40. Rxh7 Rf8
41. f3 Rh8 42. Rxh8 Rxh8 43. f4 Rxh2 44. Rxe5+ Kf6 45. Rg5 Rh4 46. Ke4 Kf7 47.
Rxa5 Rg4 48. Rg5 Rh4 49. Kxd4 Rxf4+ 50. Kxc3 Kf6 51. Rg3 Rf1 52. Rf3+ 1-0

[Event "4NCL Division 1d"]
[Site "Telford, ENG"]
[Date "2019.05.04"]
[Round "9.61"]
[White "Ferrington, Nigel M"]
[Black "Czakon, Jakub"]
[Result "0-1"]
[WhiteElo "2215"]
[BlackElo "2468"]
[PlyCount "94"]
[EventDate "2019.05.04"]
[WhiteTeam "North East England"]
[BlackTeam "Grantham Sharks 1"]

1. c4 g6 2. g3 Bg7 3. Bg2 c5 4. Nc3 Nc6 5. a3 d6 6. Rb1 a5 7. Nf3 e6 8. O-O
Nge7 9. d3 O-O 10. Bd2 b6 11. Ne1 d5 12. cxd5 exd5 13. e4 Be6 14. exd5 Nxd5 15.
Nxd5 Bxd5 16. Bc3 Ra7 17. Bxd5 Qxd5 18. Qf3 Rd7 19. Qxd5 Rxd5 20. Bxg7 Kxg7 21.
f4 Re8 22. Rf2 Re3 23. Kf1 Nd4 24. Rc1 h5 25. Rd1 Kf6 26. Ng2 Nf5 27. Rfd2 Rf3+
28. Ke2 Nd4+ 29. Ke1 g5 30. Rf2 gxf4 31. Nxf4 Re5+ 32. Kf1 h4 33. Rxf3 Nxf3 34.
Kg2 Nd4 35. Kf2 Kg5 36. Rd2 Kg4 37. h3+ Kg5 38. Ng2 Rf5+ 39. Ke3 Rf3+ 40. Ke4
f5+ 41. Kd5 hxg3 42. b4 f4 43. bxc5 bxc5 44. Rd1 Rf2 45. Kxc5 Ne6+ 46. Kd5 Rxg2
47. Kxe6 f3 0-1

[Event "4NCL Division 1d"]
[Site "Telford, ENG"]
[Date "2019.05.04"]
[Round "9.62"]
[White "Roberson, Peter T"]
[Black "Taylor, Adam A"]
[Result "0-1"]
[WhiteElo "2433"]
[BlackElo "2252"]
[PlyCount "68"]
[EventDate "2019.05.04"]
[WhiteTeam "Grantham Sharks 1"]
[BlackTeam "North East England"]

1. e4 c5 2. Nc3 e6 3. Nge2 Nc6 4. g3 Nf6 5. Bg2 Be7 6. O-O O-O 7. d4 cxd4 8.
Nxd4 d6 9. Re1 Bd7 10. h3 a6 11. g4 Nxd4 12. Qxd4 Bc6 13. a4 Nd7 14. Be3 Qc7
15. Nd5 exd5 16. exd5 Bf6 17. Qb4 Bxa4 18. Rxa4 Qxc2 19. g5 Bd8 20. Rc1 Qg6 21.
Qxb7 Nc5 22. Bxc5 dxc5 23. Qxa8 Bxg5 24. Qxa6 Bxc1 25. d6 Bxb2 26. Qb7 Qxd6 27.
Bd5 Bd4 28. Kh1 g6 29. Ra8 Qf4 30. Bf3 Rxa8 31. Qxa8+ Kg7 32. Kg2 Qd2 33. h4
Qxf2+ 34. Kh3 Be5 0-1

[Event "4NCL Division 1d"]
[Site "Telford, ENG"]
[Date "2019.05.04"]
[Round "9.63"]
[White "Coathup, Roger H"]
[Black "Rendle, Thomas E"]
[Result "1/2-1/2"]
[WhiteElo "2207"]
[BlackElo "2376"]
[PlyCount "63"]
[EventDate "2019.05.04"]
[WhiteTeam "North East England"]
[BlackTeam "Grantham Sharks 1"]

1. c4 f5 2. b3 d6 3. Bb2 e5 4. g3 Nc6 5. Bg2 Nf6 6. Nc3 Be7 7. d3 O-O 8. e3 f4
9. Nf3 Qe8 10. Qd2 Qh5 11. h3 Qg6 12. exf4 exf4 13. g4 h5 14. g5 Nd7 15. h4
Nde5 16. O-O-O Bf5 17. Nxe5 dxe5 18. Nd5 Bd6 19. Rhe1 a5 20. Be4 Rf7 21. Bxf5
Rxf5 22. f3 Rf7 23. Re4 Bc5 24. Qe2 Raf8 25. Bxe5 Nxe5 26. Rxe5 Qd6 27. Re1 c6
28. Ne7+ Rxe7 29. Rxe7 Be3+ 30. Rxe3 fxe3 31. Qxe3 Qh2 32. Qe6+ 1/2-1/2

[Event "4NCL Division 1d"]
[Site "Telford, ENG"]
[Date "2019.05.04"]
[Round "9.64"]
[White "Daskalov, Dimitar"]
[Black "Oswald, Graeme E"]
[Result "1/2-1/2"]
[WhiteElo "2318"]
[BlackElo "2153"]
[PlyCount "90"]
[EventDate "2019.05.04"]
[WhiteTeam "Grantham Sharks 1"]
[BlackTeam "North East England"]

1. e4 c5 2. Nc3 Nc6 3. Bb5 Nd4 4. Bc4 e6 5. Nf3 Nf6 6. O-O a6 7. d3 b5 8. Bb3
Nxb3 9. axb3 Bb7 10. e5 Ng4 11. h3 Nh6 12. Ne4 Nf5 13. g4 Bxe4 14. dxe4 Nh4 15.
Nxh4 Qxh4 16. Qd3 h5 17. g5 c4 18. bxc4 bxc4 19. Qf3 Be7 20. Qg2 f6 21. f4 Bc5+
22. Kh1 fxg5 23. fxg5 Rf8 24. Rxf8+ Kxf8 25. Bd2 Kg8 26. Rf1 Rf8 27. Rxf8+ Kxf8
28. Qf3+ Ke8 29. Kg2 Kd8 30. Kf1 Kc7 31. Bf4 Kc6 32. Ke2 g6 33. Qf1 a5 34. Kf3
a4 35. Bd2 Kb7 36. Bf4 Kc6 37. c3 Kb5 38. Bc1 d6 39. exd6 Bxd6 40. Be3 Qg3+ 41.
Ke2 Qh2+ 42. Kf3 Qxb2 43. Qd1 Qa3 44. e5 Bc5 45. Qd7+ Ka5 1/2-1/2

[Event "4NCL Division 1d"]
[Site "Telford, ENG"]
[Date "2019.05.04"]
[Round "9.65"]
[White "Dargan, Paul A G"]
[Black "Batchelor, Peter J"]
[Result "0-1"]
[WhiteElo "2170"]
[BlackElo "2309"]
[PlyCount "116"]
[EventDate "2019.05.04"]
[WhiteTeam "North East England"]
[BlackTeam "Grantham Sharks 1"]

1. e4 c6 2. d4 d5 3. Nd2 dxe4 4. Nxe4 Bf5 5. Ng3 Bg6 6. h4 h6 7. Nf3 Nd7 8. h5
Bh7 9. Bd3 Bxd3 10. Qxd3 e6 11. Bd2 Ngf6 12. O-O-O Be7 13. Kb1 O-O 14. Ne4 Nxe4
15. Qxe4 Nf6 16. Qe2 Qd5 17. c4 Qf5+ 18. Ka1 Qe4 19. Qf1 Rfd8 20. Bc3 b5 21.
Ne5 b4 22. f3 Qc2 23. Rc1 Qh7 24. Be1 Rac8 25. Bf2 c5 26. dxc5 Bxc5 27. Bxc5
Rxc5 28. Rd1 Rdc8 29. Qe2 Qf5 30. Rde1 b3 31. g4 Qc2 32. Qxc2 bxc2 33. f4 Nd5
34. Rh2 Nxf4 35. Rxc2 f6 36. Nf3 Rxc4 37. Rxc4 Rxc4 38. b3 Rc7 39. Nd4 e5 40.
Nf5 Nd3 41. Rd1 e4 42. Ng3 Nf2 43. Re1 e3 44. a4 Nxg4 45. Nf5 Rc5 46. Nxe3 Nxe3
47. Rxe3 Rxh5 48. Re7 a5 49. Kb2 Rh2+ 50. Kc3 g5 51. Rb7 g4 52. Kd3 g3 53. Ke3
Rb2 54. Rb8+ Kg7 55. Rb7+ Kg6 56. Rb8 g2 57. Rg8+ Kf7 58. Rg4 h5 0-1

[Event "4NCL Division 1d"]
[Site "Telford, ENG"]
[Date "2019.05.04"]
[Round "9.66"]
[White "Dong, Bao Nghia"]
[Black "Dunn, Andrew"]
[Result "1/2-1/2"]
[WhiteElo "2240"]
[BlackElo "2147"]
[PlyCount "161"]
[EventDate "2019.05.04"]
[WhiteTeam "Grantham Sharks 1"]
[BlackTeam "North East England"]

1. e4 c6 2. d4 d5 3. Nd2 dxe4 4. Nxe4 Bf5 5. Ng3 Bg6 6. Nf3 Nd7 7. h4 h6 8. h5
Bh7 9. Bd3 Bxd3 10. Qxd3 e6 11. Bf4 Qa5+ 12. Kf1 Ngf6 13. Ne5 Nxe5 14. Bxe5 Be7
15. a3 Rd8 16. Re1 Rd7 17. b4 Qd8 18. f4 O-O 19. f5 Ng4 20. Qf3 Nxe5 21. dxe5
exf5 22. Nxf5 Bg5 23. Nd6 Qe7 24. Rh3 Qe6 25. Ne4 Qc4+ 26. Kg1 Qd4+ 27. Nf2 Re7
28. Qf5 Qf4 29. Qxf4 Bxf4 30. Nd3 Bg5 31. Rf1 Bd2 32. Rhf3 Bc3 33. Nf4 Bd4+ 34.
Kh1 Rxe5 35. g4 Re3 36. Ng6 Rxf3 37. Ne7+ Kh7 38. Rxf3 Bf6 39. Nf5 Rd8 40. c4
Rd2 41. c5 Be5 42. Ne7 Rd7 43. Nc8 Rd8 44. Ne7 f6 45. Ng6 Rd4 46. Nxe5 fxe5 47.
Rf7 b6 48. cxb6 axb6 49. Re7 Rxg4 50. Rxe5 Kg8 51. Re6 Rc4 52. Kg2 b5 53. Re3
Kf7 54. Kg3 Kf6 55. Kh3 Kf5 56. Rg3 Kf6 57. Rg6+ Kf7 58. Rg3 c5 59. bxc5 Rxc5
60. Kh4 Rc4+ 61. Kh3 Rc1 62. Rb3 Rc5 63. Kh4 Ke6 64. Rg3 Rc4+ 65. Kh3 Rc7 66.
Rb3 Rb7 67. Rb4 Ra7 68. Rxb5 Rxa3+ 69. Kh4 Ra4+ 70. Kg3 Re4 71. Rb6+ Kf7 72.
Kf3 Rh4 73. Rb7+ Kg8 74. Rb5 Rh1 75. Ra5 Rg1 76. Kf4 Kh7 77. Rb5 g5+ 78. hxg6+
Kxg6 79. Rb6+ Kh5 80. Rb2 Rg4+ 81. Kf3 1/2-1/2

[Event "4NCL Division 1d"]
[Site "Telford, ENG"]
[Date "2019.05.04"]
[Round "9.68"]
[White "Foisor, Mihaela-Veronica"]
[Black "Smith, Lynda"]
[Result "0-1"]
[WhiteElo "2217"]
[BlackElo "1960"]
[PlyCount "82"]
[EventDate "2019.05.04"]
[WhiteTeam "Grantham Sharks 1"]
[BlackTeam "North East England"]

1. d4 f5 2. c4 Nf6 3. g3 g6 4. Bg2 Bg7 5. Nf3 d6 6. O-O O-O 7. Qc2 c6 8. Nc3
Na6 9. a3 Qe8 10. b4 Nc7 11. Bb2 e5 12. dxe5 dxe5 13. e4 f4 14. Na4 Nd7 15. c5
h6 16. Rad1 g5 17. g4 Bf6 18. h3 h5 19. Nh2 Ne6 20. Qb3 Kg7 21. gxh5 Nd4 22.
Bxd4 exd4 23. h6+ Kxh6 24. Ng4+ Kg7 25. Nb2 Ne5 26. f3 Be6 27. Qc2 Nxg4 28.
hxg4 Qf7 29. Rd2 Rad8 30. Re1 Bb3 31. Qc1 Rd7 32. Bf1 Rh8 33. Bc4 Bxc4 34. Nxc4
Qe6 35. e5 Be7 36. Ree2 Qd5 37. Re4 Qe6 38. Qc2 Rh3 39. Qd3 Qh6 40. Rg2 Rh1+
41. Kf2 Qh4+ 0-1

[Event "4NCL Division 1d"]
[Site "Telford, ENG"]
[Date "2019.05.04"]
[Round "9.71"]
[White "Zakarian, David"]
[Black "Gordon, Stephen J"]
[Result "0-1"]
[WhiteElo "2341"]
[BlackElo "2533"]
[PlyCount "140"]
[EventDate "2019.05.04"]
[WhiteTeam "Oxford 1"]
[BlackTeam "3Cs 1"]

1. e4 c5 2. Nf3 d6 3. Bb5+ Nd7 4. c3 Ngf6 5. Qe2 a6 6. Ba4 b5 7. Bc2 Bb7 8. O-O
e6 9. d4 Be7 10. a4 O-O 11. Nbd2 Qc7 12. e5 dxe5 13. dxe5 Nd5 14. Qd3 g6 15.
Re1 c4 16. Qd4 Nc5 17. Qg4 Nb6 18. Nd4 bxa4 19. h4 Nd3 20. Bxd3 cxd3 21. h5 a3
22. hxg6 hxg6 23. Qg3 Kg7 24. Qxd3 Rh8 25. b3 Rh5 26. Nf1 Nd5 27. Nf3 Qxc3 28.
Qxc3 Nxc3 29. Bxa3 Bxa3 30. Rxa3 Rah8 31. N3h2 Rh4 32. f3 Rb4 33. Nd2 g5 34.
Re3 Rc8 35. Nc4 Nb5 36. Ra1 Nd4 37. Ra2 Nxb3 38. Nd6 Rc1+ 39. Kf2 a5 40. Nxb7
Rxb7 41. Ng4 Rc5 42. Re4 Nc1 43. Rd2 Rb2 44. Ke1 Rxd2 45. Kxd2 Nb3+ 46. Kd3
Rd5+ 47. Kc3 Nc5 48. Rd4 Rxd4 49. Kxd4 Na6 50. Kc4 Nc7 51. Kb3 Nd5 52. Ka4 Nf4
53. Ne3 Nd3 54. Ng4 Ne1 55. Ne3 Kg6 56. Kxa5 Kh5 57. Kb5 Kh4 58. Kc5 Kg3 59.
Kd6 Nxg2 60. Ng4 Kxf3 61. Nh6 g4 62. Nxf7 Nf4 63. Ng5+ Ke3 64. Nxe6 Nxe6 65.
Kxe6 g3 66. Kd7 g2 67. e6 g1=Q 68. e7 Qg7 69. Ke6 Qg8+ 70. Kd7 Qd5+ 0-1

[Event "4NCL Division 1d"]
[Site "Telford, ENG"]
[Date "2019.05.04"]
[Round "9.72"]
[White "Libiszewski, Fabien"]
[Black "Manley, Jon P"]
[Result "1-0"]
[WhiteElo "2488"]
[BlackElo "2178"]
[PlyCount "81"]
[EventDate "2019.05.04"]
[WhiteTeam "3Cs 1"]
[BlackTeam "Oxford 1"]

1. e4 e5 2. Nf3 Nc6 3. Bc4 Bc5 4. O-O Nf6 5. d3 d6 6. c3 a6 7. a4 O-O 8. h3 Ba7
9. Re1 Be6 10. Bxe6 fxe6 11. Be3 Bxe3 12. Rxe3 Qe8 13. Nbd2 Kh8 14. Qb3 Rb8 15.
Kh2 h6 16. d4 Nd7 17. Rf1 exd4 18. cxd4 e5 19. dxe5 dxe5 20. Qc3 Qe7 21. Nb3
Rf6 22. Nh4 Qf7 23. Nf5 h5 24. Rd3 Nf8 25. Qd2 g6 26. Ne3 Kg8 27. Kg1 Qe8 28.
Nd5 Rf7 29. Qh6 Rd8 30. Rg3 Rd6 31. Qxh5 Nd4 32. Nc5 b6 33. Nd3 Re6 34. Rc1
Qxa4 35. Rxc7 Qa1+ 36. Rc1 Qa4 37. Kh2 Nc6 38. Rxc6 Rxc6 39. Nxe5 Re6 40. Nxf7
Kxf7 41. Qh8 1-0

[Event "4NCL Division 1d"]
[Site "Telford, ENG"]
[Date "2019.05.04"]
[Round "9.73"]
[White "Stork, Oliver"]
[Black "Longson, Alexander"]
[Result "1-0"]
[WhiteElo "2197"]
[BlackElo "2318"]
[PlyCount "69"]
[EventDate "2019.05.04"]
[WhiteTeam "Oxford 1"]
[BlackTeam "3Cs 1"]

1. c4 e6 2. Nf3 d5 3. e3 Nf6 4. b3 Nbd7 5. Nc3 c6 6. Qc2 Bd6 7. Bb2 O-O 8. Rg1
e5 9. cxd5 cxd5 10. Nb5 Bb8 11. Rc1 e4 12. Nfd4 Bxh2 13. Rh1 Be5 14. f4 exf3
15. gxf3 a6 16. Nc7 Bg3+ 17. Kd1 Bxc7 18. Qxc7 Qxc7 19. Rxc7 Ne5 20. Rg1 Re8
21. Be2 Ng6 22. Bd3 Re7 23. Rc5 Be6 24. f4 Bg4+ 25. Be2 Bxe2+ 26. Nxe2 Nd7 27.
Rc7 f6 28. f5 Nge5 29. Nf4 Rf7 30. Nxd5 Kf8 31. Ba3+ Ke8 32. Rxb7 Kd8 33. Bd6
a5 34. Nf4 Ra6 35. Ne6+ 1-0